000 00450nam a22001817a 4500
003 MPLRDC
005 20220104175118.0
008 210129b ||||| |||| 00| 0 eng d
020 _a967-67-0656-6
082 _a524.9463 TANa 1987
100 _aK.L. TAN
245 _aSIRI PANDUAN ULANGKAJI SPM FIZIK MODEN
_c
250 _a第一版
260 _a
_bPUSTAKA DELTA PELAJA
_c1987
300 _b
650 _a
942 _cBK
_o524.9463 TANa 1987
999 _c60206
_d60196